Geographical Groups of Things - Statistics

General Stats
  • This quiz has been taken 7,998 times
    7,981 since last reset
  • The average score is 21 of 30
Answer Stats
Countries that Include "Guinea" % Correct
Guinea
93%
San Marino
89%
San Marino
89%
Papua New Guinea
87%
Guinea-Bissau
86%
Andorra
84%
Monaco
84%
Turkey
84%
Albania
82%
Albania
82%
Equatorial Guinea
81%
Kazakhstan
79%
Vatican City
79%
Macedonia
78%
Bulgaria
75%
Kosovo
73%
Liechtenstein
71%
Kenya
70%
Malta
67%
Kyrgyzstan
66%
Warsaw
65%
Washington, DC
65%
Kiribati
64%
Kuwait
61%
Wellington
55%
San Jose
53%
San Salvador
53%
Windhoek
26%
Mexico
17%
Iraq
6%
No matching quizzes found
Score Distribution
Percent of People with Each Score
Percentile by Number Answered
Your Score History
You have not taken this quiz since the last reset